000 00424cam a22001457a 4500
008 180718b1961 xxu||||| |||| 00| 0 eng d
082 _aA6x53 M344
100 _aMarlowe, John
245 _aArab nationalism and British imperialism - a study in power politics
_cby John Marlowe
260 _aLondon
_bCressett Press
_c1961
300 _a236p.
500 _a30/-
650 _aNationalism - Arabs
650 _aArabs - History
999 _c373042
_d373042